01032nam a2200265 a 450000100060000000300080000600500170001400800410003103500290007203500180010104000370011904100080015608200210016424501220018526001110030730000270041849000610044550000610050665000490056783000140061670000320063070000160066271000470067883000410072521329BD-RjUL20211209000655.0140304s1946 enk 000 1 eng d a42-15740a(BD-RjUL)21393 a(OCoLC)863219 aDLCcDLCdm.cdEQOdBD-RjULbeng aeng a821.29bENG 194614aThe English poems of Charles of Orleans /cedited from the manuscript Brit. Mus. Harl. 682 by Robert Steele.nVOL. II aLondon :bPublished for the Early English Text Society byHumphrey Milford, Oxford University Press,c1946. a2 v. (48 p.) :c22 cm.1 aOriginal series / Early English Text Society ;v215, 220 aVol. 2 consists of notes by Robert Steele and Mabel Day. a Manuscripts, Medieval zLondon. zEngland  0v215, 220.1 aSteele, Robert,d1860-1944.1 aDay, Mabel.2 aBritish Library.kManuscript.nHarley 682. 0aEarly English Text Society (Series).